01069nam a2200313 i 4500001000300000003000400003005001700007008003900024015001700063020001500080040001400095041000800109080001300117080001100130080001200141245015000153260003400303300002800337490003000365504001400395655003000409650005100439700002700490710003100517700003700548700004300585830002900628856009800657bgBPK20200624101408.0000414s1999 pl a f f |000 0 pol aPB 2000/7148 a8386890738 aWA NcBPK0 apol a658.1/.5 a334.72 a(075.8)00aZarządzanie wartością firmy :bpraca zbiorowa /cpod red. Andrzeja Hermana i Andrzeja Szablewskiego ; [aut.] Jan D. Antoszkiewicz [et al.]. aWarszawa :b"Poltext",c1999. a352 s. :bil. ;c24 cm.1 aWarsztaty Menedżerskie. aBibliogr. 4aPodręczniki akademickie 4aZarządzanie wartością przedsiębiorstwa1 aHerman, Andrzej.eRed.2 aWydawnictwo Poltext.4pbl.1 aSzablewski, Andrzej T.eRedakcja1 aAntoszkiewicz, Jan D.d(1937- )eAutor 0aWarsztaty Menedżerskie uhttp://koha.tu.koszalin.pl/cgi-bin/koha/opac-detail.pl?biblionumber=41777yKatalog online BPK